Central Library OPAC University of Rajshahi

প্রাণিবিদ্যা / (Record no. 41409)

MARC details
000 -LEADER
fixed length control field 01158nam a22002657a 4500
001 - CONTROL NUMBER
control field 41409
003 - CONTROL NUMBER IDENTIFIER
rucl marc code BD-RjUL
005 - DATE AND TIME OF LATEST TRANSACTION
control field 20211209053401.0
008 - FIXED-LENGTH DATA ELEMENTS--GENERAL INFORMATION
fixed length control field 160530r1982 ii a|||| |||| 001 0 ben d
020 ## - INTERNATIONAL STANDARD BOOK NUMBER
Terms of availability : IRs 30.00
035 ## - SYSTEM CONTROL NUMBER
System control number (BD-RjUL)
040 ## - CATALOGING SOURCE
Original cataloging agency BD-RjUL
Language of cataloging ben
Transcribing agency BD-RjUL
041 ## - LANGUAGE CODE
Language code of text/sound track or separate title ben
082 ## - DEWEY DECIMAL CLASSIFICATION NUMBER
Classification number 591
Author mark and year CHP 1987
Edition number 23
100 ## - MAIN ENTRY--PERSONAL NAME
Personal name চট্টোপাধ্যায়, তারাপদ
9 (RLIN) 118512
245 10 - TITLE STATEMENT
Title প্রাণিবিদ্যা /
Statement of responsibility, etc. তারাপদ চট্টোপাধ্যায়, সুমন্ত মুখোপাধ্যায়
250 ## - EDITION STATEMENT
Edition statement ২য় সং.
260 ## - PUBLICATION, DISTRIBUTION, ETC. (IMPRINT)
Place of publication, distribution, etc. কলিকাতা :
Name of publisher, distributor, etc. দি নিউ বুক স্টল,
Date of publication, distribution, etc. ১৯৮২ [মুদ্রণ ১৯৮৭]
300 ## - PHYSICAL DESCRIPTION
Pagination খণ্ড :
Illustrations চিত্র ;
Size ২১ সেমি.
505 0# - FORMATTED CONTENTS NOTE
Formatted contents note খণ্ড. ১ -- খণ্ড. ২ দ্বিবার্ষিক স্নাতক-পর্যায় --
650 ## - SUBJECT ADDED ENTRY--TOPICAL TERM
Topical term or geographic name as entry element প্রাণিবিদ্যা
9 (RLIN) 118513
Topical term or geographic name as entry element Zoology.
9 (RLIN) 118514
700 ## - ADDED ENTRY--PERSONAL NAME
Personal name মুখোপাধ্যায়, সুমন্ত
942 ## - ADDED ENTRY ELEMENTS (KOHA)
Source of classification or shelving scheme Dewey Decimal Classification
Koha item type Books
Holdings
Lost status Source of classification or shelving scheme Damaged status Not for loan Collection code Permanent Location Current Location Shelving location Date acquired Source of acquisition Cost, normal purchase price Total Checkouts Full call number Date last seen Copy number Koha item type Date checked out
  Dewey Decimal Classification     Non-fiction Central Library, University of Rajshahi Central Library, University of Rajshahi   22/03/1994 Replace 78.00   B 591 CHP V-2 1987 30/05/2016 C-2 Books  
  Dewey Decimal Classification     Non-fiction Central Library, University of Rajshahi Central Library, University of Rajshahi   22/03/1994 Replace 78.00   B 591 CHP V-3 1982 18/08/2016 C-3 Books  
  Dewey Decimal Classification     Non-fiction Central Library, University of Rajshahi Central Library, University of Rajshahi   19/08/1984 Eureka Books 85.80   B 591 CHP V-2 1987 21/08/2016 C-3 Books  
  Dewey Decimal Classification     Non-fiction Central Library, University of Rajshahi Central Library, University of Rajshahi   29/08/1984 Imprial books,rajshahi 85.00   B 591 CHP V-2 1982 26/09/2016 C-4 Books  
  Dewey Decimal Classification     Non-fiction Central Library, University of Rajshahi Central Library, University of Rajshahi   29/08/1984 Imprial books,rajshahi 85.00 1 B 591 CHP V-2 1982 18/09/2022 C-5 Books 15/09/2022
  Dewey Decimal Classification   Not For Loan Non-fiction Central Library, University of Rajshahi Central Library, University of Rajshahi Reading Room 21/06/1982 Aligarh Library. 105.00   B 591 CHP V-1 1981 27/04/2017 C-1 Books  
  Dewey Decimal Classification     Non-fiction Central Library, University of Rajshahi Central Library, University of Rajshahi General Stacks 30/06/1981 Aligore Library 75.00   B 591 CHP V-2 1980 30/10/2022 C-5 Books